Asset Management Services in Germany (Record no. 121671)
[ view plain ]
| 000 -LEADER | |
|---|---|
| fixed length control field | 01174nam a22002417a 4500 |
| 008 - FIXED-LENGTH DATA ELEMENTS--GENERAL INFORMATION | |
| fixed length control field | 230921s2015 xxk|||||o|||| 00| 0 eng d |
| 041 ## - LANGUAGE CODE | |
| Language code of text/sound track or separate title | eng |
| 110 ## - MAIN ENTRY--CORPORATE NAME | |
| Corporate author | Royal Institution of Chartered Surveyors |
| 245 ## - TITLE STATEMENT | |
| Title | Asset Management Services in Germany |
| Medium | [Electronic resource] |
| 250 ## - EDITION | |
| Edition statement | 2nd |
| 260 ## - PUBLICATION INFORMATION | |
| Place of publication | London, |
| Publisher | Royal Institution of Chartered Surveyors, |
| Date | June 2015 |
| 300 ## - PHYSICAL DESCRIPTION | |
| Physical description | 76p. |
| 490 ## - SERIES TITLE | |
| Series statement | RICS Guidance |
| 500 ## - GENERAL NOTE | |
| General note | This is the English language version. There is also a German language version |
| 520 ## - ABSTRACT | |
| Abstract | Strategy; Property Purchase; Financing; Budgeting; Data Management and security; Risk Management and Compliance; Tendering and Monitoring services; building and tenancy supervision; claim management; liquidity management; construction management; refurbishment; letting services; valuation; sales services; |
| 650 ## - KEYWORDS | |
| Keywords | ASSET MANAGEMENT |
| 650 ## - KEYWORDS | |
| Keywords | RISK MANAGEMENT |
| 651 ## - SUBJECT ADDED ENTRY--GEOGRAPHIC NAME | |
| Geographic name | Germany |
| 690 ## - BROAD SUBJECT | |
| 9 (RLIN) | 6254 |
| Broad subject | Machinery and assets |
| 710 ## - ADDED CORPORATE NAME | |
| Added corporate author | Royal Institution of Chartered Surveyors |
| 856 ## - ONLINE RESOURCE | |
| Uniform Resource Identifier | <a href="https://www.rics.org/profession-standards/knowledge-and-information-services">https://www.rics.org/profession-standards/knowledge-and-information-services</a> |
| Public note | Please email [email protected] for a copy |
| 942 ## - ADDED ENTRY ELEMENTS (KOHA) | |
| Suppress in OPAC | Do not suppress in OPAC |
| Lost status | Damaged status | Not for loan | Current library | Shelving location | Date acquired | Total Checkouts | Full call number | Date last seen | Price effective from | Koha item type | Public note |
|---|---|---|---|---|---|---|---|---|---|---|---|
| Virtual | Online | 21/09/2023 | SCAN | 21/09/2023 | 21/09/2023 | Online material | Please contact [email protected] to request a digital copy |